Responses for show #5950 - Friday, June 25, 2010

Contestants

Matthew Levine, an account executive from Victoria, British Columbia

Lisa Cerrato, a managing editor from Somerville, Massachusetts

Janet Bradlow, an insurance agent from New York, New York (whose 1-day cash winnings total $27,601)

Jeopardy! Round responses

IT HAPPENED IN JUNE
NAME THAT SPORTS CONFERENCE
(Alex: We want the current name of the conference these schools belong to.)
KEEP ON TRUCKIN'
CHICK LIT
WE PREDICT YOU'LL DEAL WITH THE ZODIAC
BODY LANGUAGE
    $200 16
Abraham Lincoln

Matthew
    $200 6
(Alex: Right, even though there are eleven schools in it!)

the Big Ten

Matthew
    $200 22
texting

Janet
    $200 17
a Shopaholic

Janet
    $200 11
Pisces

Matthew
    $200 1
fingers

Janet
    $400 18
Niagara Falls

Lisa
    $400 7
the Pac-10

Matthew
    $400 23
big rig

Lisa
    $400 27
Jane Austen

Matthew
    $400 12
(Lisa: What is Aries?)

Capricorn

JanetLisa
    $400 2
(Lisa: What is a tongue lashing?)

brow beating

Lisa
Triple Stumper
    $600 19
Dan Rather

Janet
    $600 8
the Big 12

Matthew
    $600 24
Diesel

Janet
    $600 28
The Devil Wears Prada

Matthew
    $600 13
Libra

Janet
    $600 3
hand over fist

Janet
    $1,000 20
(Janet: What is Atlantis?)

Troy

Janet
    $800 9
the SEC

Matthew
    $800 25
mud flaps

Janet
    $800 29
The Other Boleyn Girl

Lisa
    $800 14
Gemini

Janet
    $800 4
elbow room

Lisa
    $1000 21
Adolf Hitler

Lisa
    $1000 10
(Lisa: What is the Pac-10?)
(Matthew: What is the Big West?)

the Western Athletic Conference

LisaMatthew
Triple Stumper
    $1000 26
(Matthew: What are headlamps?)

C.B. radios

JanetMatthew
    $1000 30
Candace Bushnell

Lisa
    $1000 15
(Matthew: What is... Taurus?)

Scorpio

JanetMatthew
    $1000 5
knuckle

Triple Stumper

Scores at the first commercial break (after clue 15):

Janet Lisa Matthew
$3,600 -$1,000 $200

Scores at the end of the Jeopardy! Round:

Janet Lisa Matthew
$6,000 $2,600 $400

Double Jeopardy! Round responses

SUPER
CALI
GO BALLISTIC!
EXPO
"ALL"
A CROCUS
    $400 17
Christopher Reeve

Matthew
    $400 1
The Golden State

Matthew
    $400 16
(Lisa: What is to hit?)
(Janet: What is to shoot?)
...
(Alex: It means to [*]--projectiles--[*]ing.)

throw

JanetLisa
Triple Stumper
    $400 6
(Janet: What is Montreal?)

Vancouver

JanetMatthew
    $400 9
a waterfall

Matthew
    $400 23
bulbs

Janet
    $800 18
Hancock

Matthew
    $800 2
the San Andreas Fault

Matthew
    $800 22
drag

Triple Stumper
    $800 7
a pavilion

Matthew
    $800 12
a stall

Matthew
    $800 24
(Matthew: What is Carthage?)

Rome

LisaMatthew
    $1200 19
(Lisa: What is the [*]?)

Watchmen

Lisa
    $1200 3
the Mojave

Matthew
    $1200 28
(Alex: And that term is [*].)

muzzle velocity

Triple Stumper
    $1200 8
Shanghai

Janet
    $1200 13
an eyeball

Matthew
    $1200 25
yellow

Janet
    $1600 20
Mystery Men

Matthew
    $1600 4
Mt. Whitney

Matthew
    $2,000 29
Sacco & Vanzetti

Janet
    $2,000 10
the Alps

Matthew
    $1600 14
a shopping mall

Matthew
    $1600 26
iris

Lisa
    $2000 21
(Lisa: Who is Cyclops?)

Nick Fury

Lisa
Triple Stumper
    $2000 5
(Alex: Congratulations! You know your California statistics.
[audience applause])

San Bernardino County

Matthew
    $2000 30
(Alex: Conversion to [*] energy.)

kinetic

Triple Stumper
    $2000 11
Faust

Janet
    $2000 15
ports of call

Matthew
    $2000 27
Crete

Janet

Scores at the end of the Double Jeopardy! Round:

Janet Lisa Matthew
$14,000 $3,800 $17,600

[wagering suggestions for these scores]

Final Jeopardy! Round responses

LITERATURE & MUSIC
(Alex: "They Might Be Giants"--man's looking up at the windmills. [*]--1605.)
LisaWho is Robinson Cur
$3,800
JanetWho is Pi
$3,601
MatthewJulius Caesar
$12,005
Don Quixote

Final scores:

Janet Lisa Matthew
$10,399 $0 $5,595
2-day champion: $38,000 3rd place: $1,000 2nd place: $2,000

Game dynamics:

Coryat scores:

Janet Lisa Matthew
$14,600 $3,800 $17,200
18 R
(including 1 DD),
3 W
(including 1 DD)
9 R,
5 W
24 R
(including 1 DD),
4 W

Combined Coryat: $35,600

The J! Archive is created by fans, for fans. The Jeopardy! game show and all elements thereof, including but not limited to copyright and trademark thereto, are the property of Jeopardy Productions, Inc. and are protected under law. This website is not affiliated with, sponsored by, or operated by Jeopardy Productions, Inc. Join the discussion at JBoard.tv.